Statistiken für Hauptstädten der Welt - Fünf-Minuten-Sprint

Klicken Sie hier um das Quiz zu spielen!

Allgemein

  • Dieses Quiz wurde 271 mal gespielt
  • Das Durchschnittsergebnis liegt bei 83 aus 196

Antwortstatistiken

LandHauptstadt% Korrekt
DeutschlandBerlin
91%
FrankreichParis
91%
BelgienBrüssel
90%
GriechenlandAthen
89%
SchweizBern
89%
ItalienRom
88%
FinnlandHelsinki
87%
NorwegenOslo
87%
ÖsterreichWien
87%
IrlandDublin
86%
Vereinigtes
Königreich
London
86%
DänemarkKopenhagen
84%
RusslandMoskau
84%
SchwedenStockholm
84%
ChinaPeking
81%
TschechienPrag
81%
LettlandRiga
81%
NiederlandeAmsterdam
80%
BulgarienSofia
80%
KroatienZagreb
79%
UkraineKiew
78%
PortugalLissabon
78%
MonacoMonaco
78%
AlbanienTirana
78%
JapanTokio
78%
LuxemburgLuxembourg
77%
WeißrusslandMinsk
77%
SpanienMadrid
76%
EstlandTallinn
76%
PolenWarschau
76%
UngarnBudapest
74%
RumänienBukarest
72%
IslandReykjavík
72%
LiechtensteinVaduz
72%
Bosnien und
Herzegovina
Sarajevo
70%
BrasilienBrasília
68%
ÄgyptenKairo
68%
MaltaValletta
67%
VatikanstadtVatikanstadt
67%
AndorraAndorra la
Vella
66%
SerbienBelgrad
66%
LitauenVilnius
65%
Vereinigte StaatenWashington
65%
AfghanistanKabul
64%
San MarinoSan Marino
64%
IrakBagdad
63%
IsraelJerusalem
62%
AserbaidschanBaku
61%
MazedonienSkopje
61%
KosovoPriština
60%
IranTeheran
59%
PeruLima
58%
MexikoMexiko-Stadt
58%
IndienNeu-Delhi
58%
KanadaOttawa
58%
TürkeiAnkara
57%
ChileSantiago
57%
GeorgienTiflis
57%
AustralienCanberra
56%
IndonesienJakarta
55%
TunesienTunis
55%
AlgerienAlgier
54%
SlowakeiBratislava
54%
Saudi-ArabienRiad
54%
KolumbienBogotá
53%
ArmenienJerewan
53%
SüdkoreaSeoul
53%
KubaHavanna
52%
KatarDoha
51%
JordanienAmman
50%
LibanonBeirut
50%
ArgentinienBuenos Aires
50%
MontenegroPodgorica
50%
VenezuelaCaracas
49%
BolivienLa Paz oder
Sucre
49%
JemenSanaa
49%
MoldawienChișinău
48%
EcuadorQuito
48%
VietnamHanoi
47%
SlowenienLjubljana
47%
PanamaPanama-Stadt
47%
PhilippinenManila
46%
BahrainManama
45%
ZypernNikosia
45%
KuwaitKuwait-Stadt
44%
ThailandBangkok
43%
UruguayMontevideo
43%
SyrienDamaskus
42%
MarokkoRabat
42%
SingapurSingapur
42%
BangladeschDhaka
41%
KasachstanAstana
39%
MaledivenMalé
39%
NordkoreaPjöngjang
39%
SüdafrikaPretoria,
Kapstadt, oder
Bloemfontein
39%
NeuseelandWellington
39%
GuatemalaGuatemala-
Stadt
37%
ParaguayAsunción
36%
SenegalDakar
36%
LibyenTripolis
36%
Vereinigte Arabische
Emirate
Abu Dhabi
35%
KirgisistanBischkek
35%
PakistanIslamabad
35%
JamaikaKingston
35%
MalaysiaKuala Lumpur
35%
TaiwanTaipeh
35%
MongoleiUlaanbaatar
34%
GuyanaGeorgetown
33%
AngolaLuanda
33%
KeniaNairobi
33%
SurinameParamaribo
33%
Timor-LesteDili
32%
NepalKathmandu
32%
OmanMaskat
32%
BruneiBandar Seri
Begawan
31%
NicaraguaManagua
31%
BahamasNassau
31%
BhutanThimphu
31%
LaosVientiane
31%
GhanaAccra
30%
UsbekistanTaschkent
29%
EritreaAsmara
28%
RuandaKigali
28%
HaitiPort-au-Prince
28%
BeninPorto-Novo oder
Cotonou
28%
TansaniaDodoma
27%
Äquatorial-GuineaMalabo
27%
KambodschaPhnom Penh
27%
Sri LankaColombo
26%
TogoLomé
26%
MosambikMaputo
26%
ÄthiopienAddis Abeba
25%
BelizeBelmopan
25%
TadschikistanDuschanbe
25%
SüdsudanJuba
25%
SambiaLusaka
25%
El SalvadorSan Salvador
25%
NigeriaAbuja
24%
Kongo (Dem Rep)Kinshasa
24%
SomaliaMogadischu
24%
Cabo VerdePraia
24%
Costa RicaSan José
24%
SamoaApia
23%
Burkina FasoOuagadougou
23%
GambiaBanjul
22%
Guinea-BissauBissau
22%
Trinidad und
Tobago
Port-of-Spain
22%
MaliBamako
21%
DschibutiDschibuti
21%
BirmaNaypyidaw
21%
FidschiSuva
21%
St. LuciaCastries
20%
SudanKhartum
20%
Dominikanische
Republik
Santo Domingo
20%
NamibiaWindhoek
20%
GuineaConakry
19%
BotswanaGaborone
19%
UgandaKampala
19%
LesothoMaseru
19%
GrenadaSaint George's
19%
Antigua und
Barbuda
Saint John's
19%
St. Kitts und NevisBasseterre
18%
SimbabweHarare
18%
MarshallinselnMajuro
18%
SeychellenVictoria
18%
Zentralafrikanische
Republik
Bangui
17%
BarbadosBridgetown
17%
KomorenMoroni
17%
MauritiusPort Louis
17%
DominicaRoseau
17%
HondurasTegucigalpa
17%
TurkmenistanAşgabat
16%
TuvaluFunafuti
16%
KamerunJaunde
16%
SwasilandMbabane
16%
TschadN'Djamena
16%
NauruYaren
16%
Sierra LeoneFreetown
15%
SalomonenHoniara
15%
St. Vincent und die
Grenadinen
Kingstown
15%
VanuatuPort Vila
15%
MadagaskarAntananarivo
14%
Kongo Brazzaville
14%
GabunLibreville
14%
LiberiaMonrovia
14%
MikronesienPalikir
14%
Papua-NeuguineaPort Moresby
14%
São Tomé und
Príncipe
São Tomé
14%
MalawiLilongwe
13%
Côte d'IvoireYamoussoukro
13%
NigerNiamey
12%
MauretanienNouakchott
12%
TongaNukuʻalofa
12%
PalauNgerulmud
10%
KiribatiSouth Tarawa
9%
BurundiBujumbura
4%

Verteilung der Resultate

Perzentil nach korrekt beantworteten Fragen

Anzahl Personen mit jedem Resultat

Ihre Resultats-Entwicklung

Sie haben dieses Quiz noch nicht gespielt